ဗုဒ္ဓတထောင်စေတီတော်သမိုင်း / (Record no. 35149)

000 -LEADER
fixed length control field 00975nam a22002057a 4500
005 - DATE AND TIME OF LATEST TRANSACTION
control field 20241011160720.0
008 - FIXED-LENGTH DATA ELEMENTS--GENERAL INFORMATION
fixed length control field 240531b ||||| |||| 00| 0 eng d
040 ## - CATALOGING SOURCE
Transcribing agency SSBUL
041 ## - LANGUAGE CODE
Language code of text/sound track or separate title Myanmar
082 ## - DEWEY DECIMAL CLASSIFICATION NUMBER
Edition number 23
Classification number ၂၉၄.၃၄၃၅၀၉ နေ
Item number ၁၂၅၅၆ S-UOK
100 0# - MAIN ENTRY--PERSONAL NAME
Personal name နေမျိုးကျော်ထင်
245 10 - TITLE STATEMENT
Title ဗုဒ္ဓတထောင်စေတီတော်သမိုင်း /
Statement of responsibility, etc. နေမျိုးကျော်ထင်။
250 ## - EDITION STATEMENT
Edition statement တတိယအကြိမ်။
260 ## - PUBLICATION, DISTRIBUTION, ETC.
Place of publication, distribution, etc. ရန်ကုန် ၊
Name of publisher, distributor, etc. သုဓမ္မဝတီစာပုံနှိပ်တိုက်၊
Date of publication, distribution, etc. ၁၉၈၅။
300 ## - PHYSICAL DESCRIPTION
Extent ဇ၊ ၉၆ စာ၊
Dimensions ၁၈ စင်တီ။
500 ## - GENERAL NOTE
General note S-UOK: U Ohn Kyaw<br/>S-SAT: Dr. Sai Aung Tun
650 ## - SUBJECT ADDED ENTRY--TOPICAL TERM
Topical term or geographic name entry element ဘုရားသမိုင်း။
9 (RLIN) 8832
Topical term or geographic name entry element ဗုဒ္ဓတထောင်စေတီတော်
Form subdivision သမိုင်း
9 (RLIN) 54996
942 ## - ADDED ENTRY ELEMENTS (KOHA)
Source of classification or shelving scheme
Koha item type Book (Short term)
Holdings
Withdrawn status Lost status Source of classification or shelving scheme Damaged status Not for loan Collection code Permanent Location Current Location Shelving location Date acquired Total Checkouts Total Renewals Full call number Barcode Date last seen Date last checked out Price effective from Koha item type Accession
          Special Collections Shan State Buddhist University Library Shan State Buddhist University Library Special Collection Shelves 31/05/2024 1 1 ၂၉၄.၃၄၃၅၀၉ နေ ၁၂၅၅၆ S-UOK MB00012556 06/01/2025 02/01/2025 31/05/2024 Book (Short term) ၁၂၅၅၆ S-UOK
          Special Collections Shan State Buddhist University Library Shan State Buddhist University Library Special Collection Shelves 31/05/2024     ၂၉၄.၃၄၃၅၀၉ နေ ၉၁၉၄ S-SAT MB00009194 10/10/2024   31/05/2024 Book (Short term) ၉၁၉၄ S-SAT

Library - 09407999929
Admin Office - 09407999979
Dean Office - 09250910768
Registrar Office - 09892297154
Email - [email protected]
Shan State Buddhist University, Phaya Phyu Taunggyi, Shan State, Myanmar.